| 000 | nam a22 7a 4500 | ||
|---|---|---|---|
| 999 |
_c330023 _d330023 |
||
| 003 | NUST | ||
| 005 | 20170615090416.0 | ||
| 008 | 170606b xxu||||| |||| 00| 0 eng d | ||
| 020 | _a969372042 | ||
| 040 | _cNUST | ||
| 082 |
_a907.202 _bMIR |
||
| 100 |
_aMirza, M Yaqub _91987 |
||
| 245 |
_aKhiyaban khawab o khiyal _cby M Yaqub Mirza |
||
| 260 |
_aRawalpindi: _bNational Book Foundation, _c2004 |
||
| 300 | _a321 p. | ||
| 650 |
_aUrdu Literature _9347 |
||
| 880 |
_aخیابان خواب و خیال _6245-02\(3\r _cایم یعقوب مرزا |
||
| 880 |
_aایم یعقوب مرزا _6100-01\(3\r |
||
| 880 |
_aاسلام آباد: _6260-03\(3\r _bنیشنل بک فاوٗنڈیشن، _c2004 |
||
| 942 |
_2ddc _cBK |
||